000 01226nam a2200325 a 4500
005 20180803170309.0
008 140815s2012 ec gr 000 0 spa d
020 _z9789942090638
040 _aCO-BoBLA
_cCO-BoBLA
_dCO-BoIAVH
041 0 _aspa
044 _aec
082 0 4 _a363.73874
_bL83m
100 1 _aLohmann, Larry
_eautor
245 1 0 _aMercados de carbono :
_bla neoliberalización del clima /
_cLarry Lohmann ; traducción Michelle Báez, María Helena Carbonell.
250 _aPrimera edición
260 _aQuito :
_bEdiciones Abya-Yala,
_c2012.
300 _a498 páginas ;
_c18 x 10 cm.
504 _aIncluye referencias bibliográficas.
650 2 6 _aCalentamiento global
650 2 6 _aCambio climático
650 2 4 _aEmisiones de gases de efecto invernadero
650 2 6 _aProtección ambiental
650 2 6 _aDióxido de carbono
_xreducción de emisiones
_xComercio
700 1 _aBáez, Michelle
_etraductor
700 1 _aCarbonell, María Helena
_etraductora
700 1 _aMontalvo Rueda, Nadesha
_eeditora
700 1 _aAcosta, Alberto
_eeditor
700 1 _aMartínez, Esperanza
_eeditor
942 _2ddc
_cLIBRO
999 _c18789
_d18789